Código de comercio de la república argentina-1984 /

Guardado en:
Formato: Libro
Publicado: Buenos Aires : A-z, 1984
Edición:7a. ed.
Materias:
Etiquetas: Agregar Etiqueta
Sin Etiquetas, Sea el primero en etiquetar este registro!
LEADER 00582nam a22002055a 4500
001 CEM.cems000571
005 20060210000000.0
008 130507s1984##################000#0#####d
003 CEMS
082 0 4 |a 347 
245 0 0 |a Código de comercio de la república argentina-1984 / 
250 |a 7a. ed. 
260 |a Buenos Aires :  |b A-z,  |c 1984 
300 |a 1110 p. 
653 |a Argentina-codigos 
653 |a Codigo de comercio-1984 
653 |a Contrapropiedad 
653 |a Debentures 
653 |a Derecho comercial 
859 |a CEMS  |b BIB. CEMS - 11 de abril  |h 347  |i Ar37-3a7/1984  |p 14174.86  |t Ej.1